000 00553nam a2200205Ia 4500
005 20250923144604.0
008 008 250917s9999 xx 000 0 eng d
037 _aTextual
040 _aDSWL
_beng
_cDSWL
041 _aeng
_2eng
084 _aY157:3:2N5
_qDSWL
100 _aSingh, Mohinder
_9826384
245 0 _aDepressed classes
_cby Mohinder Singh.
260 _aBombay
_bHind Kiltab
_c1947
300 _a2134p.
365 _aINR
_b7.5
925 _g7.5
942 _cTEXL
_hY157:3:2N5
999 _c1440861
_d1440861